00711cam a22002291 4500001001300000003000400013005001700017008004100034010001700075035001900092040001900111042001200130050001400142100003600156245010400192250002300296260004400319300005200363500002400415650002500439999001700464gs 26000257 DLC20260227111330.0741204s1900 xx 000 0 ger  ags 26000257  a(OCoLC)1098702 aDLCcTxDWdDLC apremarc00aQA55b.B91 aBruhns, C.q(Carl),d1830-1881.10aNeues logarithmisch-trigonometrisches handbuch auf sieben decimalen,cbearbeitet von dr. C. Bruhns. a13. stereotypausg. aNew York,bG. E. Stechert & co.,c19--? axxiii, [iv]-xxiii, [1], 610 p.btables.c25 cm. aPrinted in Austria. 0aMathematicsxTables. c26475d26475